|
|
|
|
| LEADER |
00000nab a2200000 a 4500 |
| 001 |
vtls008982171 |
| 003 |
SK-MaSNL |
| 005 |
20260303065200.0 |
| 008 |
140429c2007 xo zr|p|||||||000 b|slo |
| 015 |
|
|
|a SNBRB2007/04
|2 snkbucl
|
| 040 |
|
|
|a SNKBUCL
|b slo
|c SNKBUCL
|e AACR2
|
| 041 |
0 |
|
|a slo
|
| 044 |
|
|
|a xo
|c SK
|
| 080 |
|
|
|a 061.234
|x (437)
|x "1977"
|2 2001
|
| 080 |
|
|
|a 321.64
|x (437)
|x "1977"
|2 2001
|
| 100 |
1 |
|
|a Kusý, Miroslav,
|d 1931-2019
|4 aut
|9 181328
|
| 245 |
1 |
0 |
|a Charta '77 po tridsiatich rokoch
|c Miroslav Kusý
|
| 300 |
|
|
|b Fotogr.
|
| 610 |
2 |
7 |
|a Charta 77 (skupina)
|2 snkbucl
|9 87610
|
| 655 |
|
7 |
|a eseje
|2 snkbucl
|9 57030
|
| 773 |
0 |
|
|t Parlamentný kuriér
|g Roč. XV, č. CXLV (2007), s. 52
|x 1335-4051
|
| 852 |
|
|
|a SNK
|b KIS3GCP
|
| 856 |
4 |
1 |
|u http://www.parlamentnykurier.sk/kur145-07/52.pdf
|
| 958 |
|
|
|a SK
|
| 999 |
|
|
|c 1750180
|d 1752110
|